000 01057nam a2200229 a 4500
003 DO-SdBNP
005 20220117112523.0
007 ta
008 211027e2014 dr od|frt||| 001 0 spa d
040 _aDO-SdBNP
_cspa
_dBNPHU
082 4 _222
_bC7c
111 2 _958522
_aAsamblea general ordinaria de delegados
_n(XLIV:
_d2015:
_cJuan Dolio, San Pedro de Macorís: República Dominicana)
245 1 0 _aXLIV asamblea general ordinaria de delegados :
_binforme correspondiente al año 2014 /
_cCOOPNAMA
246 _aCuadragésimo cuarta asamblea general ordinaria de delegados :
_binforme correspondiente al año 2014
260 _aSanto Domingo :
_bCooperativa Nacional de Servicios Múltiples de los Maestros,
_c2015
300 _a128 p. :
_bil., fot., graf. ;
_c29 cm.
590 _aInventariado 2021 / MF
611 2 4 _958522
_aAsamblea general ordinaria
_c(San Pedro de Macorís: República Dominicana
_d2015)
710 2 _974554
_aCooperativa Nacional de Servicios Múltiples de los Maestros (República Dominicana)
910 _aMFéliz
942 _2ddc
_cLBS1
999 _c50819
_d50819